Uchhatar madhyamik byabasaya sangathan aru banijyik prakaran (Record no. 6042)

MARC details
000 -LEADER
fixed length control field 00608cam a2200205ua 4500
001 - CONTROL NUMBER
control field 6901
005 - DATE AND TIME OF LATEST TRANSACTION
control field 20260515114126.0
008 - FIXED-LENGTH DATA ELEMENTS--GENERAL INFORMATION
fixed length control field 140311n ii |||gr||||Z||||||asm
020 ## - INTERNATIONAL STANDARD BOOK NUMBER
International Standard Book Number 81-86494-31-6
040 ## - CATALOGING SOURCE
Transcribing agency MAIN
082 ## - DEWEY DECIMAL CLASSIFICATION NUMBER
Classification number 651
245 ## - TITLE STATEMENT
Title Uchhatar madhyamik byabasaya sangathan aru banijyik prakaran
Statement of responsibility, etc. By Dulal bhattacharya
250 ## - EDITION STATEMENT
Edition statement 1st ed /
Remainder of edition statement Vol II.
260 ## - PUBLICATION, DISTRIBUTION, ETC.
Place of publication, distribution, etc. Guwahati:
Name of publisher, distributor, etc. Students stores,
Date of publication, distribution, etc. 1990.
300 ## - PHYSICAL DESCRIPTION
Extent viii,142p.
653 ## - INDEX TERM--UNCONTROLLED
Uncontrolled term Office services
653 ## - INDEX TERM--UNCONTROLLED
Uncontrolled term Uchhatar madhyamik byabasaya sangathan aru banijyik prakaran
700 ## - ADDED ENTRY--PERSONAL NAME
Personal name Bhattacharya,Dulal,
Relator term Author.,
942 ## - ADDED ENTRY ELEMENTS (KOHA)
Koha item type Books
Holdings
Withdrawn status Lost status Damaged status Not for loan Home library Current library Shelving location Date acquired Total checkouts Full call number Barcode Date last seen Copy number Price effective from Koha item type
        Naharkatiya College Library Naharkatiya College Library General stacks 09/19/2020   651 | BHA 13456 09/19/2020 1 09/19/2020 Books